书目信息 |
| 题名: |
现象学对于认知科学的意义
|
|
| 作者: | 徐献军 著 | |
| 分册: | ||
| 出版信息: | 杭州 浙江大学出版社 2016 |
|
| 页数: | 220页 | |
| 开本: | 24cm | |
| 丛书名: | ||
| 单 册: | ||
| 中图分类: | B81-06 , B824.1 | |
| 科图分类: | ||
| 主题词: | 现象学--xian xiang xue--研究 , 认知科学--ren zhi ke xue--研究 | |
| 电子资源: | ||
| ISBN: | 978-7-308-16154-1 | |
| 000 | 01133nam0 22002771 450 | |
| 001 | 387776 | |
| 005 | 20170502165539.0 | |
| 010 | @a978-7-308-16154-1@dCNY38.00 | |
| 100 | @a20161108d2016 em y0chiy50 ea | |
| 101 | 0 | @achi@zeng |
| 102 | @aCN@b330000 | |
| 105 | @ay z 001yy | |
| 106 | @ar | |
| 200 | 1 | @a现象学对于认知科学的意义@9xian xiang xue dui yu ren zhi ke xue de yi yi@dPhenomenology's contribution to cognitive sciences@f徐献军著@zeng |
| 210 | @a杭州@c浙江大学出版社@d2016 | |
| 215 | @a220页@d24cm | |
| 300 | @a教育部人文社会科学研究青年基金项目以及杭州电子科技大学马克思主义学员资助 | |
| 330 | @a本书共分为十章,主要内容包括:现象学在认知科学非表征主义纲领产生中的作用、胡塞尔意识现象学在认知神经科学中的应用、具身人工智能与现象学、当代现象学精神病理学的发展、新现象学与认知科学等。 | |
| 510 | 1 | @aPhenomenology's contribution to cognitive sciences@zeng |
| 606 | 0 | @a现象学@9xian xiang xue@x研究 |
| 606 | 0 | @a认知科学@9ren zhi ke xue@x研究 |
| 690 | @aB81-06@v5 | |
| 690 | @aB824.1@v5 | |
| 701 | 0 | @a徐献军@9xu xian jun@f(1979~)@4著 |
| 801 | 0 | @aCN@b百万庄@c20170308 |
| 905 | @b1003912-7@dB81-06@e248@f6 | |
| 现象学对于认知科学的意义=Phenomenology's contribution to cognitive sciences/徐献军著.-杭州:浙江大学出版社,2016 |
| 220页;24cm |
| 教育部人文社会科学研究青年基金项目以及杭州电子科技大学马克思主义学员资助 |
| ISBN 978-7-308-16154-1:CNY38.00 |
| 本书共分为十章,主要内容包括:现象学在认知科学非表征主义纲领产生中的作用、胡塞尔意识现象学在认知神经科学中的应用、具身人工智能与现象学、当代现象学精神病理学的发展、新现象学与认知科学等。 |
| ● |
| 相关链接 |
|
|
|
|
正题名:现象学对于认知科学的意义
索取号:B81-06/248
 
预约/预借
| 序号 | 登录号 | 条形码 | 馆藏地/架位号 | 状态 | 备注 |
| 1 | 1003912 | 210039126 | 第一样本阅览室/ [索取号:B81-06/248] | 在馆 | |
| 2 | 1003913 | 210039135 | 教育系资料室/ [索取号:B81-06/248] | 在馆 | |
| 3 | 1003914 | 210039144 | 教育系资料室/ [索取号:B81-06/248] | 在馆 | |
| 4 | 1003915 | 210039153 | 教育系资料室/ [索取号:B81-06/248] | 在馆 | |
| 5 | 1003916 | 210039162 | 第一借阅区/ [索取号:B81-06/248] | 在馆 | |
| 6 | 1003917 | 210039171 | 第一借阅区/ [索取号:B81-06/248] | 在馆 |